[Event "20th Zadar Open A 2013"]
[Site "Zadar CRO"]
[Date "2013.12.16"]
[Round "3.21"]
[White "Matko,O"]
[Black "Piskur,M"]
[Result "0-1"]
[WhiteElo "2267"]
[BlackElo "2270"]

1.e4 d5 2.exd5 Qxd5 3.Nc3 Qd8 4.Bc4 Nf6 5.Nf3 a6 6.d4 b5 7.Bb3 c5 8.dxc5 Qxd1+
9.Nxd1 e6 10.a4 b4 11.a5 Bxc5 12.Be3 Nbd7 13.O-O Ke7 14.Ra4 Bxe3 15.Nxe3 Rb8
16.Nd4 Kd6 17.Rd1 Kc7 18.f4 Nc5 19.Raa1 Rd8 20.Rac1 Bb7 21.Ba2 Nd5 22.Bxd5 Bxd5
23.c3 b3 24.Nxd5+ Rxd5 25.Ra1 Rdd8 26.g3 g5 27.Rf1 gxf4 28.Rxf4 Rd7 29.Rff1 e5
30.Nf3 f6 31.Kg2 Ne6 32.Ra3 Nc5 33.Raa1 Kd8 34.Kf2 Ke7 35.Ke2 Ke6 36.Ra3 h5
37.Ke3 f5 38.Ke2 Rbd8 39.Raa1 Kf6 40.Ra3 Ne6 41.Re1 Nc5 42.Rf1 h4 43.Re1 h3
44.Rf1 Ne6 45.Ra4 e4 46.Nd4 Nxd4+ 47.Rxd4 Rxd4 48.cxd4 Ke6 49.Rc1 Kd5 50.Ke3 f4+
51.gxf4 Rg8 52.Rc5+ Kd6 53.Rg5 Rc8 54.Kxe4 Rc2 55.Rg6+ Kd7 56.Rg3 Rxb2 57.Rxh3 Re2+
58.Kd5 b2 59.Rb3 Rxh2 60.f5 Rf2 61.f6 Rf5+ 62.Kc4 Rb5 63.f7 Ke7 64.Re3+ Kxf7
65.Rf3+ Ke7  0-1

[Event "Pavlodar Open 2013"]
[Site "Pavlodar KAZ"]
[Date "2013.12.18"]
[Round "9.22"]
[White "Serikbay,Chingiz"]
[Black "Balguzhinov,B"]
[Result "1-0"]
[WhiteElo "2037"]
[BlackElo "2183"]

1.e4 d5 2.exd5 Qxd5 3.Nc3 Qd6 4.Nf3 a6 5.d4 Nf6 6.Be2 Bg4 7.h3 Bh5 8.Be3 e6
9.Qd2 Nc6 10.O-O Be7 11.Bf4 Qd7 12.Rad1 Bxf3 13.Bxf3 O-O-O 14.Be3 h5 15.a3 Nd5
16.Nxd5 exd5 17.c4 dxc4 18.Qc3 Bd6 19.Qxc4 Ne7 20.Qb3 Nc6 21.Rc1 Na5 22.Qc3 Qb5
23.b4 Nc6 24.Bxc6 bxc6 25.Qxc6 Rhe8 26.Qa8+ Kd7 27.Qf3 f6 28.Rfd1 Kc8 29.Qa8+ Kd7
30.Qf3 Kc8 31.Rc3 Re6 32.Bf4 Re7 33.Bxd6 Rxd6 34.Rc5 Qb7 35.Qc3 Red7 36.Rxh5  1-0

[Event "20th Zadar Open B 2013"]
[Site "Zadar CRO"]
[Date "2013.12.18"]
[Round "5.3"]
[White "Rosandic,D"]
[Black "Kokeza,M"]
[Result "1/2-1/2"]
[WhiteElo "2285"]
[BlackElo "2227"]

1.e4 d5 2.exd5 Qxd5 3.Nc3 Qd6 4.d4 Nf6 5.Nf3 g6 6.g3 Bg4 7.Bg2 Qa6 8.h3 Bxf3
9.Bxf3 Bg7 10.Be3 O-O 11.Be2 Qe6 12.d5 Qd7 13.Bf3 c6 14.dxc6 Nxc6 15.Qe2  1/2-1/2

[Event "20th Zadar Open A 2013"]
[Site "Zadar CRO"]
[Date "2013.12.18"]
[Round "6.13"]
[White "Jakic,I"]
[Black "Piskur,M"]
[Result "0-1"]
[WhiteElo "2410"]
[BlackElo "2270"]

1.e4 d5 2.exd5 Qxd5 3.Nc3 Qd8 4.d4 Nf6 5.Nf3 Bg4 6.h3 Bxf3 7.Qxf3 c6 8.Be3 e6
9.Bd3 Nbd7 10.O-O-O Qa5 11.Kb1 Nb6 12.Bd2 Nbd5 13.Ne4 Qb6 14.Nxf6+ Nxf6 15.c4 Rd8
16.c5 Qc7 17.Bf4 Qd7 18.Bc4 Be7 19.Be5 O-O 20.g4 Nd5 21.h4 b6 22.cxb6 axb6
23.g5 Bd6 24.Qe4 Ne7 25.Bd3 Nf5 26.Qg4 Ra8 27.Bc4 Qc7 28.Qe2 Ra5 29.Rhe1 Rfa8
30.h5 Bxe5 31.dxe5 b5 32.Bb3 c5 33.a3 Qe7 34.Bc2 Nd4 35.Qe4 Nxc2 36.Qxc2 b4
37.f4 bxa3 38.b3 c4 39.Qxc4 Rc5 40.Qd4 Qc7 41.Qd6 Qa5 42.Rc1 Rac8 43.g6 a2+
44.Kb2 a1=Q+  0-1

[Event "20th Zadar Open A 2013"]
[Site "Zadar CRO"]
[Date "2013.12.18"]
[Round "6.15"]
[White "Mazi,L"]
[Black "Marjanovic,Dej"]
[Result "0-1"]
[WhiteElo "2377"]
[BlackElo "2269"]

1.e4 d5 2.exd5 Qxd5 3.Nc3 Qd6 4.d4 Nf6 5.g3 Bg4 6.Be2 Bxe2 7.Qxe2 c6 8.Nf3 e6
9.Bf4 Qd8 10.O-O-O Be7 11.Kb1 O-O 12.Ne5 Nbd7 13.g4 Nd5 14.Bd2 Nxc3+ 15.Bxc3 Nb6
16.Rd3 Qd5 17.Rg1 Bd6 18.g5 Rfd8 19.Rgd1 Qb5 20.Be1 a5 21.Qe4 Bxe5 22.dxe5 Rd5
23.b3 Rad8 24.a4 Qc5 25.c4 R5d7 26.Bc3 g6 27.Rd6 Rxd6 28.exd6 Rxd6 29.Rxd6 Qxd6
30.Bxa5 Nd7 31.Qe3 Nc5 32.Kc2 Nd7 33.Bc3 e5 34.a5 Kf8 35.Qd2 Ke7 36.Qe2 Qe6
37.Qe4 Kd6 38.b4 Qf5 39.Qxf5 gxf5 40.Kd3 Nf8 41.b5 Ne6 42.Bb4+ c5 43.Bd2 e4+
44.Kc3 f4 45.Bc1 Kd7 46.h4 Nd4 47.Ba3 e3 48.fxe3 f3 49.a6 bxa6 50.bxa6 Kc8  0-1

[Event "WYCC U18 Girls 2013"]
[Site "Al-Ain UAE"]
[Date "2013.12.19"]
[Round "2.31"]
[White "Nikolovska,D"]
[Black "Al Dhaffari,Salma"]
[Result "1-0"]
[WhiteElo "1876"]
[BlackElo "1625"]

1.e4 d5 2.exd5 Qxd5 3.Nc3 Qd6 4.d4 Nf6 5.Nf3 c6 6.Ne5 Be6 7.Bf4 Qd8 8.Be2 Nbd7
9.O-O g6 10.Qd2 Bg7 11.Rad1 O-O 12.Bf3 Nb6 13.Rfe1 Nbd5 14.Nxd5 Bxd5 15.Bxd5 cxd5
16.Qb4 Qb6 17.Qxb6 axb6 18.a3 e6 19.Rd3 Rfc8 20.Re2 b5 21.Rb3 Ra5 22.Kf1 Kf8
23.Bd2 Ra4 24.Bc3 Ne4 25.Bb4+ Ke8 26.f3 Nf6 27.Bc3 Ng8 28.Rxb5 Rc7 29.Ba5 Re7
30.Bb4 Rc7 31.Bd6 Rc8 32.c3 Ra6 33.Bc5 Ne7 34.Bxe7 Kxe7 35.Rxb7+  1-0

[Event "20th Zadar Open A 2013"]
[Site "Zadar CRO"]
[Date "2013.12.19"]
[Round "7.12"]
[White "Kadric,D"]
[Black "Cabarkapa,N"]
[Result "1-0"]
[WhiteElo "2471"]
[BlackElo "2404"]

1.e4 d5 2.exd5 Qxd5 3.Nc3 Qd6 4.d4 Nf6 5.Nf3 g6 6.Ne5 Bg7 7.Bf4 Nd5 8.Nxd5 Qxd5
9.f3 O-O 10.Bc4 Qa5+ 11.Qd2 Qxd2+ 12.Kxd2 c5 13.dxc5 Nd7 14.Nxd7 Bxd7 15.c3 Rfd8
16.Ke2 Rac8 17.Be3 e5 18.Rhd1 e4 19.Bg5 exf3+ 20.Kf2 Bf8 21.Bxd8 Bxc5+ 22.Kxf3  1-0

[Event "20th Zadar Open A 2013"]
[Site "Zadar CRO"]
[Date "2013.12.19"]
[Round "7.10"]
[White "Brkic,A"]
[Black "Piskur,M"]
[Result "1-0"]
[WhiteElo "2566"]
[BlackElo "2270"]

1.e4 d5 2.exd5 Qxd5 3.Nc3 Qd8 4.d4 Nf6 5.Nf3 Bg4 6.h3 Bxf3 7.Qxf3 c6 8.Be3 e6
9.Bd3 Nbd7 10.O-O-O Qa5 11.Kb1 Be7 12.g4 Nd5 13.Nxd5 Qxd5 14.Be4 Qa5 15.h4 Rd8
16.g5 Nb6 17.Bc1 Nc8 18.c3 Nd6 19.Bc2 Qd5 20.Qg4 Nc4 21.h5 O-O 22.Rdg1 Nd6
23.g6 Bf6 24.h6 hxg6 25.hxg7 Bxg7 26.Bg5 Nf5 27.Be4 Qb5 28.a4 Qa5 29.Bxf5 Qxf5+
30.Qxf5 exf5 31.Bxd8 Rxd8 32.Re1 Bf6 33.f4 Kg7 34.Kc2 a5 35.Rh3 Rd7 36.Re8 Bd8
37.Kd2 Bc7 38.Ke3 Bb6 39.Ke2 Bc7 40.Ke3 Bb6 41.Rh1 Kf6 42.Rd1 Kg7 43.Kf3 Kf6
44.Ke3 Kg7 45.b4 axb4 46.cxb4 f6 47.a5 Bd8 48.Rh1 Be7 49.Reh8 g5 50.R1h7+ Kg6
51.Kf3 Rc7 52.Ke2 Rd7 53.Kf3 Rc7 54.Ke2 Rd7 55.Kd3 Rc7 56.Kc4 g4 57.Kd3 Rd7
58.Ke3 Rc7 59.Kf2 Rd7 60.Kg3 Rc7 61.Rh5 Kf7 62.Rxf5 Rd7 63.b5 Ke6 64.Kxg4 Rxd4
65.b6 Rd1 66.Rfh5 Rg1+ 67.Kf3 Rf1+ 68.Ke2 Ra1 69.Re8 Kf7 70.Rb8 Kg6 71.Rh3 Rxa5
72.Rxb7 Bc5 73.Rb3 Kf5 74.Rc7 Bd6 75.Rxc6 Bxf4 76.b7 Re5+ 77.Kf3  1-0

[Event "WYCC U16 Girls 2013"]
[Site "Al-Ain UAE"]
[Date "2013.12.20"]
[Round "3.19"]
[White "Blagojevic,Tijana"]
[Black "Mendoza,Shania Mae"]
[Result "1/2-1/2"]
[WhiteElo "2019"]
[BlackElo "1867"]

1.e4 d5 2.exd5 Qxd5 3.Nc3 Qd6 4.d4 Nf6 5.Nf3 Bg4 6.h3 Bxf3 7.Qxf3 c6 8.Be3 Nbd7
9.O-O-O e6 10.Kb1 Qc7 11.Bc1 Bd6 12.Bd3 O-O-O 13.Ne2 Rde8 14.c4 e5 15.dxe5 Nxe5
16.Bf5+ Kb8 17.Qc3 Ng6 18.Bxg6 Be5 19.Qa3 hxg6 20.Be3 b6 21.c5 Nd5 22.cxb6 axb6
23.Bd4 Kb7 24.Nc3 Nxc3+ 25.Qxc3 f6 26.Rhe1 Bxd4 27.Rxd4 Rxe1+ 28.Qxe1 Rd8
29.Qd2 Rxd4 30.Qxd4 Qe7 31.a4 Qe6 32.Kc2 c5 33.Qd3 g5 34.f3 Kc7 35.Qa6 Qf5+
36.Kb3 Qd5+ 37.Ka3 Qd4 38.Qa7+ Kc6 39.Qa8+ Kc7 40.Qa7+ Kc6 41.Qa8+ Kc7 42.Qa6 Qb4+
43.Ka2 c4 44.Qa7+ Kc6 45.Qa8+ Kc7 46.Qa7+ Kc6  1/2-1/2

[Event "20th Zadar Open B 2013"]
[Site "Zadar CRO"]
[Date "2013.12.20"]
[Round "8.2"]
[White "Stocko,J"]
[Black "Kokeza,M"]
[Result "1/2-1/2"]
[WhiteElo "2231"]
[BlackElo "2227"]

1.e4 d5 2.exd5 Qxd5 3.Nc3 Qd6 4.d4 Nf6 5.Nf3 a6 6.Bc4 b5 7.Bb3 Bb7 8.Ne5 e6
9.Bf4 Qd8 10.O-O Bb4 11.Qe2 Bxc3 12.bxc3 Nd5 13.Bd2 O-O 14.a4 bxa4 15.Rxa4 Nd7
16.c4 N5b6 17.Ra5 Nxe5 18.Qxe5 Nd7 19.Qe3 c5 20.dxc5 Qc7 21.Ba4 Bc6 22.Bb3 Nf6
23.Qg3  1/2-1/2

[Event "20th Zadar Open A 2013"]
[Site "Zadar CRO"]
[Date "2013.12.20"]
[Round "8.12"]
[White "Nestorovic,N"]
[Black "Marjanovic,Dej"]
[Result "1/2-1/2"]
[WhiteElo "2440"]
[BlackElo "2269"]

1.e4 d5 2.exd5 Qxd5 3.Nc3 Qd6 4.d4 Nf6 5.Nf3 c6 6.Ne5 Nbd7 7.f4 g6 8.g4 Bg7
9.Bg2 h5 10.g5 Nd5 11.Ne4 Qc7 12.O-O O-O 13.c3 Rd8 14.Qe2 Nf8 15.Bd2 Bf5
16.Ng3 e6 17.c4 Ne7 18.Be3 Nd7 19.Ne4 Nxe5 20.dxe5 Bxe4 21.Bxe4 Bf8 22.Rfd1 Rxd1+
23.Rxd1 Rd8 24.Rxd8 Qxd8 25.Qd2 Qc7 26.Bc5 Nc8 27.Bxf8 Kxf8 28.b4 Ke7 29.Kf1 Qd7
30.Qxd7+ Kxd7 31.Ke2 Kc7 32.Kd3 Ne7 33.a4 Nc8 34.a5 b6 35.axb6+ axb6 36.Kd4 Ne7
37.Bc2 Kd7 38.Be4 Kc7 39.Bc2  1/2-1/2

[Event "WYCC U16 Girls 2013"]
[Site "Al-Ain UAE"]
[Date "2013.12.21"]
[Round "4.26"]
[White "Poteat,Lilia M"]
[Black "Ivanova,Si"]
[Result "0-1"]
[WhiteElo "1866"]
[BlackElo "2049"]

1.e4 d5 2.exd5 Qxd5 3.Nc3 Qd6 4.d4 Nf6 5.Bc4 c6 6.h3 Bf5 7.Nf3 e6 8.O-O Nbd7
9.Re1 O-O-O 10.Ng5 Bg6 11.Bd3 Qe7 12.Bxg6 hxg6 13.b4 Nb6 14.b5 c5 15.Ba3 Qc7
16.Ne2 Nc4 17.Qd3 cxd4 18.Nxf7 Bxa3 19.Nxh8 Rxh8 20.Nxd4 Rd8 21.Nxe6 Rxd3
22.Nxc7 Rd2 23.Ne6 Rxc2 24.Rad1 b6 25.Rd8+ Kb7 26.Rd4 Nd6 27.Nxg7 Nxb5 28.Rf4 Nd5
29.Rf7+ Ka6 30.Re6 g5 31.Re5 Rc1+ 32.Kh2 Bd6 33.f4 Bxe5 34.fxe5 Re1 35.Rf5 g4
36.hxg4 Nd4 37.Rg5 Nf4 38.Nh5 Nfe6 39.Rg8 Rxe5 40.Nf6 Re2 41.a4 Ra2 42.Kg3 Rxa4
43.g5 Nf5+ 44.Kf2 Rf4+ 45.Ke2 Ng3+ 46.Ke3 Nf1+ 47.Ke2 Ng3+ 48.Ke3 b5 49.Nd5 Nf5+
50.Ke2 Ned4+ 51.Kd3 Rg4 52.g6 Nc6 53.Nc7+ Kb6 54.Ne6 Ne5+ 55.Kc3 Rg3+ 56.Kb2 Rxg6
57.Rxg6 Nxg6 58.Kb3 Ne5 59.Nf4 a5 60.Kb2 b4 61.Kb3 Kb5 62.Nd5 a4+ 63.Kb2 Nd4
64.Ka2 b3+ 65.Kb2 Kc5 66.Nc3 Nc4+ 67.Kb1 Kb4 68.Nxa4 Kxa4 69.Ka1 Ka3 70.Kb1 Nd2+  0-1

[Event "WYCC U16 Girls 2013"]
[Site "Al-Ain UAE"]
[Date "2013.12.21"]
[Round "4.33"]
[White "Sunyasakta,S"]
[Black "Head,Louise"]
[Result "1-0"]
[WhiteElo "1899"]
[BlackElo "1786"]

1.e4 d5 2.exd5 Qxd5 3.Nc3 Qd6 4.d4 Nf6 5.Nf3 a6 6.Be2 Bg4 7.O-O Nc6 8.Be3 O-O-O
9.Ng5 Be6 10.Nxe6 Qxe6 11.Na4 Qd6 12.c3 e5 13.Qb3 Nd5 14.Nc5 Na5 15.Qa4 Qb6
16.Bg4+ Kb8 17.Nd7+ Rxd7 18.Qxd7 Bd6 19.Rae1 Nc4 20.Qxf7 Ndxe3 21.fxe3 Nd2
22.Qxg7 Re8 23.Qd7 Re7 24.Qc8+ Ka7 25.Rf8 Qc6 26.Re2 exd4 27.Rxd2 Rxe3 28.Qb8+ Kb6
29.Rf1 Bxh2+ 30.Kxh2 Re8 31.Qxe8 Qxe8 32.Rxd4 h5 33.Bf3 c6 34.Rb4+ Ka7 35.Re4 Qf8
36.Rd1 Qf5 37.Rde1 Qg5 38.R1e2 h4 39.Rg4 Qh5 40.Kh3 Qf5 41.Re7 Qb1 42.Rxh4 Kb6
43.Rb4+ Kc5 44.Ree4 b5 45.Re5+ Kd6 46.Rbe4 a5 47.Re6+ Kc7 48.R4e5 b4 49.Rxc6+ Kd7
50.Rd5+ Ke7 51.Rxa5 b3 52.axb3 Kd7 53.Ra7+ Kd8 54.Rf6 Qh1+ 55.Kg4  1-0

[Event "WYCC U18 Girls 2013"]
[Site "Al-Ain UAE"]
[Date "2013.12.21"]
[Round "4.19"]
[White "Atabayeva,G"]
[Black "Anjana Krishna,S"]
[Result "1/2-1/2"]
[WhiteElo "2069"]
[BlackElo "1877"]

1.e4 d5 2.exd5 Qxd5 3.Nc3 Qd6 4.d4 c6 5.Nf3 Nf6 6.Ne5 Nbd7 7.Nc4 Qc7 8.Qf3 Nb6
9.Bf4 Qd7 10.O-O-O Nbd5 11.Bg3 Qf5 12.Nxd5 Nxd5 13.Qe2 Be6 14.Ne5 g6 15.Qe1 Bh6+
16.Kb1 O-O 17.Bd3 Qf6 18.h4 Qg7 19.h5 g5 20.a3 Rfd8 21.Be4 Nf6 22.Bf3 Bd5
23.Qb4 Qf8 24.Qxb7 Rdb8 25.Qc7 Rb6 26.c4 Ne8 27.Nd7 Nxc7 28.Nxf8 Bxf3 29.gxf3 Kxf8
30.Bxc7 Rb3 31.Rh3 Rc8 32.Be5 f6 33.Kc2 Rb7 34.Bg3 Rd7 35.Kd3 Kf7 36.Rhh1 Rcd8
37.Ke4 Ke6 38.Rhe1 Kf7 39.d5 cxd5+ 40.cxd5 Kf8 41.Rd3 Bg7 42.Red1 e6 43.f4 gxf4
44.Kxf4 exd5 45.Kf5 Kf7 46.Bf4 d4 47.h6 Rd5+ 48.Ke4 f5+ 49.Kf3 Bf6 50.Rc1 R8d7
51.Rc6 Rb5 52.b3  1/2-1/2

[Event "WYCC U16 Girls 2013"]
[Site "Al-Ain UAE"]
[Date "2013.12.21"]
[Round "5.21"]
[White "Paredes Bustamante,Paula"]
[Black "Mendoza,Shania Mae"]
[Result "1-0"]
[WhiteElo "1994"]
[BlackElo "1867"]

1.e4 d5 2.exd5 Qxd5 3.Nc3 Qd6 4.d4 Nf6 5.Nf3 Bg4 6.h3 Bxf3 7.Qxf3 c6 8.Be3 e6
9.a3 Qc7 10.Bd3 Nbd7 11.O-O Bd6 12.Rfe1 O-O 13.Ne4 Rfe8 14.Rad1 Nxe4 15.Bxe4 Nf6
16.Bd3 Rad8 17.c4 c5 18.dxc5 Bxc5 19.b4 Bxe3 20.Qxe3 b6 21.Rc1 Re7 22.c5 Red7
23.cxb6 Qxb6 24.Qxb6 axb6 25.Bb5 Ra7 26.a4 g6 27.Rc4 Rd2 28.Rb1 Kf8 29.Bc6 Nd7
30.Rcc1 Ne5 31.Bb5 Nd3 32.Rc8+ Ke7 33.Re8+ Kf6 34.Rd8 Rb2 35.Bxd3 Rxb1+ 36.Bxb1 Rxa4
37.b5 Rb4 38.Bd3 Ke5 39.Bf1 h5 40.Rb8 f5 41.Rxb6 g5 42.g3 Rb1 43.Rb8 h4 44.gxh4 gxh4
45.Kg2 Rb2 46.b6 Rb4 47.b7 Rb6 48.Ba6  1-0

[Event "ch-CZE Blitz Prelim 2013"]
[Site "Brno CZE"]
[Date "2013.12.21"]
[Round "5.1"]
[White "Kislinsky,A"]
[Black "Jirovsky,M"]
[Result "1-0"]
[WhiteElo "2504"]
[BlackElo "2480"]

1.e4 d5 2.exd5 Qxd5 3.Nc3 Qd6 4.d4 Nf6 5.Bd3 c6 6.Nge2 Bg4 7.f3 Bh5 8.Bf4 Qd8
9.Qd2 e6 10.O-O-O Bg6 11.Kb1 Nbd7 12.Ne4 Nxe4 13.fxe4 Qb6 14.h4 h6 15.h5 Bh7
16.Bh2 Be7 17.c3 Nf6 18.Ng3 Ng4 19.Bg1 Bg5 20.Qe2 Nf6 21.d5 Qc7 22.d6 Qxd6
23.e5 Qc7 24.exf6 gxf6 25.Bxh7 Rxh7 26.Ne4 f5 27.Nxg5 hxg5 28.h6 Rd8 29.Bd4 Rd5
30.Bg7 Qf4 31.Rxd5 cxd5 32.Qb5+ Kd8 33.Qxb7 Qe4+ 34.Ka1 Qxg2 35.Bf6+  1-0

[Event "St Petersburg Blitz Prelim 2013"]
[Site "St Petersburg RUS"]
[Date "2013.12.22"]
[Round "10.4"]
[White "Pershin,Denis"]
[Black "Levin,Ev"]
[Result "0-1"]
[WhiteElo "2176"]
[BlackElo "2514"]

1.e4 d5 2.exd5 Qxd5 3.Nc3 Qd8 4.d4 c6 5.Bf4 Bf5 6.Nf3 e6 7.Bd3 Bg6 8.O-O Nd7
9.Re1 Be7 10.Ne5 Ngf6 11.Qf3 O-O 12.Re3 Nb6 13.Nxg6 hxg6 14.Rd1 Nbd5 15.Nxd5 Nxd5
16.Re2 Nxf4 17.Qxf4 Bd6 18.Qg4 Qf6 19.Rde1 Rfe8 20.Re3 Qf4 21.Qxf4 Bxf4 22.Re4 Bg5
23.g3 Red8 24.Bc4 Bf6 25.c3 Rac8 26.Bb3 c5 27.dxc5 Rxc5 28.Kg2 Kf8 29.h4 Ke7
30.R1e2 Rd6 31.Rb4 b6 32.Rc4 Rxc4 33.Bxc4 Rd1 34.Re3 g5 35.hxg5 Bxg5 36.Rd3 Rb1
37.b3 Rb2 38.a4 Bd2 39.Bb5 Be1 40.Rd7+ Kf6 41.Rxa7 Rxf2+ 42.Kg1 Rf3 43.Be8 Kg6
44.Re7 Bxc3 45.Rxe6+ Kg5 46.Rxb6 Bd4+  0-1

[Event "WYCC U16 Girls 2013"]
[Site "Al-Ain UAE"]
[Date "2013.12.23"]
[Round "7.25"]
[White "Wafa,Shrook"]
[Black "Mendoza,Shania Mae"]
[Result "0-1"]
[WhiteElo "2010"]
[BlackElo "1867"]

1.e4 d5 2.exd5 Qxd5 3.Nc3 Qd6 4.d4 Nf6 5.Nf3 Bg4 6.h3 Bxf3 7.Qxf3 c6 8.Be3 e6
9.Bd3 Nbd7 10.O-O Qc7 11.Rad1 Bd6 12.Ne2 O-O 13.c4 b6 14.Nc3 Rfe8 15.a3 e5
16.Ne4 exd4 17.Nxd6 Qxd6 18.Bxd4 Qc7 19.Bb1 Re7 20.Rfe1 Rae8 21.Rxe7 Rxe7
22.Qd3 c5 23.Bc3 Kf8 24.Bc2 Ne4 25.Be1 Nef6 26.b4 Ne5 27.Qd8+ Qxd8 28.Rxd8+ Re8
29.Rxe8+ Kxe8 30.bxc5 bxc5 31.Ba4+ Ke7 32.Bb5 Ne4 33.f4 Nd3 34.Ba5 Nxf4 35.Bc7 Ne6
36.Bb8 a5 37.Ba7 Nd6 38.a4 Nxb5 39.cxb5 Kd7 40.Bb6 c4 41.Kf2 Kd6 42.Bxa5 Kc5
43.Bc3 g6 44.Ke3 f5 45.g3 h6 46.Bf6 Kb6 47.Bc3 Kc5 48.Kd2 g5 49.Bf6 Nc7 50.Be7+ Kd5
51.Bf8 h5 52.b6 Na6 53.Bh6 g4 54.h4 Nc5 55.Bf4 Kc6 56.b7 Nxb7 57.Kc3 Kd5
58.Bc1 Nc5 59.a5 Na6 60.Bf4 Kc5 61.Bh6 Kd5 62.Be3 Ke4 63.Bd2 Kd5 64.Bg5 Kc5
65.Be3+ Kd5 66.Bc1 Kc5 67.Be3+ Kd5 68.Bg1 Nc7 69.Kb4 Ke4 70.Bb6 Na8 71.Kxc4 Kf3
72.Kd3 Kxg3 73.Ke2 f4 74.Kf1 Kxh4 75.Bc5 g3 76.a6 Kg4 77.a7 h4 78.Kg1 h3
79.Bd6 h2+ 80.Kh1 Kh3 81.Bxf4 g2+  0-1

[Event "WYCC U18 Girls 2013"]
[Site "Al-Ain UAE"]
[Date "2013.12.23"]
[Round "7.9"]
[White "Anjana Krishna,S"]
[Black "Baraeva,I"]
[Result "0-1"]
[WhiteElo "1877"]
[BlackElo "2211"]

1.e4 d5 2.exd5 Qxd5 3.Nc3 Qd6 4.d4 Nf6 5.Nf3 c6 6.Ne5 Nbd7 7.Nc4 Qc7 8.Qf3 Nb6
9.Bf4 Qd7 10.Nxb6 axb6 11.O-O-O e6 12.Be5 Be7 13.Bc4 b5 14.Bb3 O-O 15.h4 b4
16.Na4 Nd5 17.g4 Qd8 18.Nc5 b6 19.Ne4 Bb7 20.Qg3 c5 21.f3 c4 22.Bxc4 Ne3
23.Bb3 Nxd1 24.Kxd1 Bd5 25.Ke2 Bxb3 26.axb3 f6 27.Bd6 Ra2 28.Rb1 Bxd6 29.Qxd6 Qxd6
30.Nxd6 Rd8 31.Nb5 Ra5 32.c4 bxc3 33.Nxc3 Rxd4 34.Ke3 Rb4 35.Kd3 Ra8 36.Kc2 Rd8
37.Ne2 Rc8+ 38.Nc3 Rf4 39.Rf1 h5 40.Re1 e5 41.gxh5 Rxh4 42.Re4 Rxh5 43.Rb4 Rc6
44.Kd3 Rh3 45.Ke3 Rh2 46.Na4 Kh7 47.Nxb6 Rxb2 48.Nc4 Rb1 49.Kd3 Rc7 50.Nd2 Rb2
51.Nc4 Rd7+ 52.Ke3 Rd4 53.Rb5 Rc2 54.Rb6 Rc3+ 55.Ke2 Rh4 56.Nd2 Rh2+ 57.Kd1 Rd3  0-1

[Event "51st Groningen Open A 2013"]
[Site "Groningen NED"]
[Date "2013.12.24"]
[Round "4.43"]
[White "Stolwijk,Colin"]
[Black "Dehn,M"]
[Result "0-1"]
[WhiteElo "2041"]
[BlackElo "2135"]

1.e4 d5 2.exd5 Qxd5 3.Nc3 Qd8 4.Bc4 Nh6 5.d4 Nf5 6.Nf3 e6 7.O-O Be7 8.Be3 O-O
9.Qd2 Nd7 10.Bd3 Nf6 11.Ne4 Nxe4 12.Bxe4 Nxe3 13.fxe3 f5 14.Bd3 Bf6 15.c3 Kh8
16.e4 g6 17.Rae1 Bd7 18.exf5 exf5 19.Ne5 Be8 20.Rf3 Bg5 21.Qe2 Bf7 22.Nxf7+ Rxf7
23.Qe5+ Bf6 24.Qe6 Qf8 25.Rfe3 Re7 26.Qxe7 Bxe7 27.Rxe7 c6 28.Bc4 b5 29.Bb3 a5
30.a3 a4 31.Ba2 Rd8 32.h3 Qh6 33.R1e3 Rf8 34.d5 f4 35.Rf3 Qg5 36.Rd7 c5 37.c4 Rb8
38.Rf2 Qf5 39.Re7 Qf6 40.Ree2 bxc4 41.Bxc4 Qd4 42.Ba2 Rb6 43.Rd2 Qf6 44.Kh1 g5
45.Rfe2 f3 46.Rf2 Qf4 47.Rc2 g4 48.gxf3 g3 49.Rfe2 Qxf3+ 50.Kg1 Rf6 51.Re1 Qf5
52.Rce2 Qf2+ 53.Rxf2 gxf2+ 54.Kf1 fxe1=Q+ 55.Kxe1 Rh6 56.Bc4 Rxh3 57.d6 Rh4
58.Bb5 Rd4 59.d7 Kg7 60.Bxa4 Kf6 61.Bb5 Ke7 62.a4 Kd8 63.Ke2 h5 64.Kf3 Rb4
65.Kg3 Rxb2 66.Bc4 Rb4 67.Be2 h4+ 68.Kh3 c4  0-1

[Event "WYCC U16 Girls 2013"]
[Site "Al-Ain UAE"]
[Date "2013.12.26"]
[Round "9.6"]
[White "Blagojevic,Tijana"]
[Black "Styazhkina,A"]
[Result "0-1"]
[WhiteElo "2019"]
[BlackElo "2241"]

1.e4 d5 2.exd5 Qxd5 3.Nc3 Qd6 4.d4 Nf6 5.Nf3 g6 6.g3 Bg7 7.Bg2 O-O 8.O-O c6
9.Bf4 Qb4 10.Qc1 Bg4 11.a3 Qa5 12.Ne5 Nbd7 13.Nxg4 Nxg4 14.h3 Ngf6 15.Re1 Rfe8
16.b4 Qd8 17.Na4 Nd5 18.Be3 e5 19.Bg5 f6 20.Be3 f5 21.Bg5 Qc8 22.c4 Nc7 23.dxe5 Nxe5
24.Nb2 Ne6 25.Be3 Qc7 26.Qc2 Nf7 27.f4 h5 28.h4 Nh6 29.Bf3 Nd4 30.Bxd4 Bxd4+
31.Kg2 Ng4 32.Bxg4 hxg4 33.Rad1 c5 34.Kh2 b6 35.Qg2 Qf7 36.Nd3 Qxc4 37.bxc5 bxc5
38.Ne5 Bxe5 39.Rxe5  0-1

[Event "30th Boeblinger Open 2013"]
[Site "Boeblingen GER"]
[Date "2013.12.26"]
[Round "1.10"]
[White "Novoselski,Z"]
[Black "Kolb,R"]
[Result "1-0"]
[WhiteElo "2381"]
[BlackElo "2085"]

1.e4 d5 2.exd5 Qxd5 3.Nc3 Qd6 4.d4 Nf6 5.Bc4 a6 6.Bb3 Nc6 7.d5 Na5 8.Nge2 Nxb3
9.axb3 g6 10.Bf4 Qd8 11.Nb5 e5 12.Bxe5 Bd6 13.Qd4 Bxe5 14.Qxe5+ Kf8 15.Nxc7 Rb8
16.Ne8 Qxe8 17.Qxf6 Kg8 18.O-O Bd7 19.Ng3 Qd8 20.Qd4 f6 21.Rfe1  1-0

[Event "Karpov-Timman Match 2013"]
[Site "Groningen NED"]
[Date "2013.12.26"]
[Round "1"]
[White "Timman,J"]
[Black "Karpov,Ana"]
[Result "1/2-1/2"]
[WhiteElo "2600"]
[BlackElo "2619"]

1.e4 d5 2.exd5 Qxd5 3.Nc3 Qd8 4.d4 c6 5.Bc4 Bf5 6.d5 Nf6 7.Bf4 cxd5 8.Nxd5 Nxd5
9.Qxd5 Qxd5 10.Bxd5 Nc6 11.Bxc6+ bxc6 12.O-O-O f6 13.Ne2 e5 14.Be3 Kf7 15.Nc3 h5
16.f3 h4 17.h3 Be7 18.Ne4 Rhd8 19.a3 a6 20.Bb6 Rd5 21.Bf2 Rh8 22.Nc3 Rxd1+
23.Rxd1 Be6 24.Na4 f5 25.Re1 Rh6 26.Nc5 Bxc5 27.Bxc5 Rg6 28.Re2 Bd5 29.b3 e4
30.c4 Be6 31.fxe4 fxe4 32.Kc2 Rg3 33.Be3 g5 34.a4 Bf5 35.b4 g4 36.hxg4 Bxg4
37.Rf2+ Kg6 38.Kd2 Bd7 39.Re2 Bg4 40.Rf2 Bd7 41.Re2  1/2-1/2

[Event "WYCC U18 Open 2013"]
[Site "Al-Ain UAE"]
[Date "2013.12.27"]
[Round "10.51"]
[White "Jacobsen,Fredrik Beer"]
[Black "Al Zarooni,A"]
[Result "1-0"]
[WhiteElo "1966"]
[BlackElo "1723"]

1.e4 d5 2.exd5 Qxd5 3.Nc3 Qd6 4.d4 Nf6 5.Nf3 c6 6.g3 Bg4 7.Bg2 e6 8.O-O Be7
9.Bf4 Qd8 10.Qd2 O-O 11.h3 Bf5 12.Nh4 Bg6 13.Rae1 Nd5 14.Nxd5 cxd5 15.Nxg6 hxg6
16.g4 Nc6 17.c3 b5 18.Bh2 Qb6 19.f4 b4 20.f5 bxc3 21.bxc3 Nxd4 22.cxd4 Bb4
23.Qd3 Bxe1 24.Rxe1 gxf5 25.gxf5 Rac8 26.Be5 Rc4 27.Bxg7 Kxg7 28.Qg3+ Kf6
29.Qh4+ Kxf5 30.Rf1+ Kg6 31.Rf6+ Kg7 32.Qg5+  1-0

[Event "WYCC U18 Girls 2013"]
[Site "Al-Ain UAE"]
[Date "2013.12.27"]
[Round "10.41"]
[White "Senarath,Kavindi"]
[Black "Al Dhaffari,Salma"]
[Result "1/2-1/2"]
[WhiteElo "1617"]
[BlackElo "1625"]

1.e4 d5 2.exd5 Qxd5 3.Nc3 Qd6 4.d4 Nf6 5.Nf3 c6 6.h3 Bf5 7.Bd3 Bxd3 8.Qxd3 Nbd7
9.Be3 e6 10.Qd2 Qc7 11.Bf4 Bd6 12.Bxd6 Qxd6 13.O-O O-O 14.Rfe1 Rfd8 15.Rad1 Nd5
16.Ne4 Qf4 17.c3 N7f6 18.Nc5 Rab8 19.Qc2 Nd7 20.Nxd7 Rxd7 21.Ne5 Rdd8 22.Re4 Qg5
23.Rg4 Qe7 24.Re1 c5 25.Qd2 Nf6 26.Rf4 Rd6 27.g4 h6 28.Qc2 cxd4 29.Rxd4 Rxd4
30.cxd4 Rd8 31.Qc4 Nd5 32.Nf3 Qf6 33.Qb3 b6 34.Ne5  1/2-1/2

[Event "Karlstad Open 2013"]
[Site "Karlstad SWE"]
[Date "2013.12.27"]
[Round "2.3"]
[White "Andersson,Gunnar 1951"]
[Black "Pohjala,H"]
[Result "0-1"]
[WhiteElo "1930"]
[BlackElo "2367"]

1.e4 d5 2.exd5 Qxd5 3.Nc3 Qd6 4.d4 Nf6 5.Bg5 a6 6.Qd2 Nc6 7.O-O-O Bf5 8.Bf4 Qb4
9.Bxc7 Rc8 10.a3 Qxd4 11.Qxd4 Nxd4 12.Be5 Nxc2 13.Bd3 Bxd3 14.Rxd3 Ne1 15.Rd4 Nd7
16.Ne2 Nxe5 17.Rxe1 e6 18.Kb1 Bc5 19.Re4 Nd3 20.Rf1 f5 21.Rxe6+ Kf7 22.Re3 Bxe3
23.fxe3 Kg6 24.Kc2 Ne5 25.Nf4+ Kh6 26.Nd5 g6 27.Kd1 Nc4 28.Kc2 Rhd8 29.Kb1 Nd2+  0-1

[Event "37th Zurich Christmas 2013"]
[Site "Zurich SUI"]
[Date "2013.12.27"]
[Round "2.18"]
[White "Wyss,J"]
[Black "Sethuraman,S"]
[Result "1-0"]
[WhiteElo "2249"]
[BlackElo "2553"]

1.e4 d5 2.exd5 Qxd5 3.Nc3 Qd6 4.d4 Nf6 5.Nf3 g6 6.Bc4 Bg7 7.Ne5 O-O 8.h4 Nc6
9.Nb5 Qd8 10.Bf4 Nd5 11.Qf3 Nxf4 12.Qxf4 Nxe5 13.dxe5 c6 14.Nc3 Qc7 15.O-O-O Bxe5
16.Qf3 h5 17.Rde1 Kg7 18.Qe2 Bxc3 19.bxc3 b5 20.Bb3 a5 21.a3 Ra7 22.Kb2 Rd8
23.f3 c5 24.g4 c4 25.Ba2 b4 26.gxh5 bxa3+ 27.Ka1 Qb6 28.Rb1 Qf6 29.Qxc4 Be6
30.Qc5 Rc8 31.Qd4 Qxd4 32.cxd4 Bxa2 33.Kxa2 Rxc2+ 34.Kxa3 Rc3+ 35.Ka2 Rxf3
36.hxg6 Kxg6 37.Rhg1+ Kf5 38.h5 Rc7 39.Rb5+ Ke4 40.Rxa5 Kxd4 41.h6 Rc2+ 42.Kb1 Rc6
43.Rh1 Rb6+ 44.Ka1 Rbf6 45.Rh4+ Kc3 46.Ra3+ Kc2 47.Rh2+ Kc1 48.Rxf3 Rxf3
49.Ka2 Rf6 50.h7 Ra6+ 51.Kb3 Ra8 52.h8=Q Rxh8 53.Rxh8 f5 54.Kc3  1-0

[Event "WYCC U18 Open 2013"]
[Site "Al-Ain UAE"]
[Date "2013.12.28"]
[Round "11.34"]
[White "Igonin,Temur"]
[Black "Iyti,B"]
[Result "1-0"]
[WhiteElo "2109"]
[BlackElo "2269"]

1.e4 d5 2.exd5 Qxd5 3.Nc3 Qd6 4.d4 Nf6 5.Nf3 a6 6.g3 Bg4 7.Bg2 Nc6 8.Bf4 Qe6+
9.Be3 Nd5 10.Nxd5 Qxd5 11.O-O Qh5 12.c3 O-O-O 13.h3 Bd7 14.g4 Qg6 15.d5 Nb8
16.Ne5 Qf6 17.Bd4 Qf4 18.Qb3 b6 19.Rfe1 Be8 20.Bxb6 Qa4 21.Qxa4 Bxa4 22.Nxf7 cxb6
23.Nxh8 Be8 24.Rad1 Rd6 25.Re6 Kd8 26.Rde1 Nd7 27.b4 b5 28.f4 g6 29.f5 gxf5
30.g5 Bh5 31.Kf2 Bg7 32.Rxe7 Bxc3 33.Rxh7 Bxe1+ 34.Kxe1 Be8 35.Nf7+ Bxf7
36.Rxf7 Ne5 37.Rxf5 Nd3+ 38.Kd2 Nxb4 39.Kc3 Nxa2+ 40.Kb3 Nc1+ 41.Kc2 Ne2
42.Kd3 Nc1+ 43.Kd4 b4 44.Kc5 Ke7 45.Kxb4 Rb6+ 46.Kc5 Rb2 47.d6+ Ke6 48.Rf6+ Ke5
49.d7 Rd2 50.Kc6 a5 51.Bd5  1-0